000 01327nab a22002297a 4500
999 _c5789
_d5789
003 OSt
005 20260106185730.0
008 190514b xxu||||| |||| 00| 0 spa d
040 _cPJ
100 _96695
_aBertolé, Cecilia
245 1 3 _aLa incorporación de los principios sustantivos de la Convención Internacional de los Derechos del Niño en los procesos de familia /
_cCecilia Bertolé.
300 _ap. 3-10
505 _aSumario: I. El surgimiento de la perspectiva de niñez y su incorporación en los procesos locales.— II. La función interpretativa como central.— III. El interés superior del niño.— IV. El derecho a la participación.— V. El derecho a la vida, la supervivencia y el desarrollo.— VI. El principio de igualdad y no discriminación.— VII. Test de principios sustantivos.— VIII. Reflexiones finales.
505 _tSi te interesa el texto, comunicate a koha@justierradelfuego.gov.ar
650 0 _9967
_aDERECHO DE FAMILIA
650 0 _92741
_aDERECHOS DE LAS NIÑAS, NIÑOS Y ADOLESCENTES
650 0 _aPROCESOS DE FAMILIA
_93874
650 0 _aINTERES SUPERIOR DEL NIÑO
_94097
650 0 _aCONVENCIÓN SOBRE LOS DERECHOS DEL NIÑO
_92735
773 0 _02844
_93222
_dBuenos Aires : AbeledoPerrot, 1989-
_tDerecho de familia. N° 116 - Septiembre 2024
_z18511201
942 _2udc
_cANA